000 00605nam a2200205Ia 4500
003 GCL
008 140319s9999 xx 000 0 ara d
040 _aGCL /
_cGCL
082 0 4 _a364.132
_bم.ا
100 1 _aمصطفى مجدى هرجة
245 1 0 _aاحكام الرشوة فى ضوء الفقة والقضاء /
_cمصطفى مجدى هرجة
260 _a[S.N] :
_bمطبعة متولى ،
_c1990
300 _a117 ص
490 _a
650 0 4 _aالقانون
650 0 4 _aقانون العقوبات
650 0 4 _aالرشوة
650 0 4 _aجرائم الرشوة
942 _2ddc
_cBK
999 _c53976
_d53976